000 00705nam a2200253Ia 4500
003 OSt
005 20221005085810.0
006 a|||||r|||| 00| 0
007 ta
008 221004b |||||||| |||| 00| 0 eng d
024 _a121372
037 _bGift, 20/09/2012,
_cTextual
040 _aCRL
_cCRL
_beng
041 _2eng
_aeng
082 _aX:3M24, H2
100 _aSchumpeter Joseph A.
245 0 _aCapitalism, socialism, and democracy
250 _a3rd
260 _aNew York
_bHarper & Brothers Publishers U.S.A
_c1942
300 _a431p.
_ccm.
650 _aECONOMICS
942 _hX:3M24, H2
_cTEXL
_2cc
999 _c994778
_d994778